<?xml version="1.0" encoding="UTF-8"?><marc:collection xmlns:marc="http://www.loc.gov/MARC21/slim">
  <marc:record>
    <marc:leader>00000nam##2200000za#4500</marc:leader>
    <marc:controlfield tag="001">9.602736</marc:controlfield>
    <marc:controlfield tag="003">CaOODSP</marc:controlfield>
    <marc:controlfield tag="005">20240212134142</marc:controlfield>
    <marc:controlfield tag="007">cr |||||||||||</marc:controlfield>
    <marc:controlfield tag="008">150406|1992||||xxc|||||o    f|0| 0 fre|d</marc:controlfield>
    <marc:datafield tag="040" ind1=" " ind2=" ">
      <marc:subfield code="a">CaOODSP</marc:subfield>
      <marc:subfield code="b">fre</marc:subfield>
    </marc:datafield>
    <marc:datafield tag="043" ind1=" " ind2=" ">
      <marc:subfield code="a">n-cn---</marc:subfield>
    </marc:datafield>
    <marc:datafield tag="086" ind1="1" ind2=" ">
      <marc:subfield code="a">NE22-1/1992-7-2F-PDF</marc:subfield>
    </marc:datafield>
    <marc:datafield tag="110" ind1="1" ind2=" ">
      <marc:subfield code="a">Canada. </marc:subfield>
      <marc:subfield code="b">Office national de l'énergie.</marc:subfield>
    </marc:datafield>
    <marc:datafield tag="245" ind1="1" ind2="0">
      <marc:subfield code="a">Motifs de décision relativement à AG-Energy L.P., Canadian Hydrocarbons Marketing Inc., Canadian-Montana Pipe Line Company, CanWest Gas Supply Inc., Enserch Development Corporation au nom d'Encogen Northwest L.P., Husky Oil Operations Ltd., Kamine Natural Dam Cogen Co. Inc., Makowski Selkirk Inc. au nom de Selkirk Cogen Partners II L.P. et ATCOR Ltd., Makowski Selkirk Inc. au nom de Selkirk Cogen Partners II L.P et Esso Ressources Canada, Makowski Selkirk Inc. au nom de Selkirk Cogen Partners II L.P. et PanCanadian Petroleum Limited, New York State Electric &amp; Gas Corporation, Pétro-Canada, TransCanada PipeLines Limited ... Esso Ressources Canada Limitée/Esso Ressources Canada, Transco Energy Marketing Company/CanStates Gas Marketing, Volume II, exportations de gaz : </marc:subfield>
      <marc:subfield code="h">[ressource électronique]</marc:subfield>
      <marc:subfield code="b">demandes de licences d'exportation de gaz naturel déposées conformément à la partie VI de la Loi sur l'Office national de l'énergie ... demande en vue du transfert d'une licence d'exportation de gaz naturel déposée aux termes de la partie I de la Loi sur l'Office national de l'énergie </marc:subfield>
    </marc:datafield>
    <marc:datafield tag="246" ind1="1" ind2=" ">
      <marc:subfield code="i">Titre de renvoi : </marc:subfield>
      <marc:subfield code="a">CanWest Gas Supply Inc., Enserch Development Corporation au nom d'Encogen Northwest L.P., Kamine Natural Dam Cogen Co. Inc., Makowski Selkirk Inc. au nom de Selkirk Cogen Partners II L.P. et ATCOR Ltd., Makowski Selkirk Inc. au nom de Selkirk Cogen Partners II L.P. et Esso Ressources Canada, Makowski Selkirk Inc. au nom de Selkirk Cogen Partners II L.P. et PanCanadian Petroleum Limited, New York State Electric &amp; Gas Corporation</marc:subfield>
    </marc:datafield>
    <marc:datafield tag="260" ind1=" " ind2=" ">
      <marc:subfield code="a">Calgary - Alberta : </marc:subfield>
      <marc:subfield code="b">Office national de l'énergie </marc:subfield>
      <marc:subfield code="c">Octobre 1992.</marc:subfield>
    </marc:datafield>
    <marc:datafield tag="300" ind1=" " ind2=" ">
      <marc:subfield code="a">74p.</marc:subfield>
      <marc:subfield code="b">graphiques, tableaux</marc:subfield>
    </marc:datafield>
    <marc:datafield tag="490" ind1="1" ind2=" ">
      <marc:subfield code="a">Motifs de décision</marc:subfield>
      <marc:subfield code="v">GH-1-92 [vol. 2]</marc:subfield>
    </marc:datafield>
    <marc:datafield tag="500" ind1=" " ind2=" ">
      <marc:subfield code="a">Le nº de catalogue (NE22-1/1992-7-2F) et l'ISBN (0-662-97852-8) de l'édition imprimée ont été incorrectement copiés dans cette édition électronique.</marc:subfield>
    </marc:datafield>
    <marc:datafield tag="590" ind1=" " ind2=" ">
      <marc:subfield code="a">12-06-Supp</marc:subfield>
      <marc:subfield code="b">2012-03-07</marc:subfield>
    </marc:datafield>
    <marc:datafield tag="775" ind1="0" ind2="8">
      <marc:subfield code="t">Reasons for decision in the matter of AG-Energy L.P., Canadian Hydrocarbons Marketing Inc., Canadian-Montana Pipe Line Company, CanWest Gas Supply Inc., Enserch Development Corporation on behalf of Encogen Northwest L.P., Husky Oil Operations Ltd., Kamine Natural Dam Cogen Co. Inc., Makowski Selkirk Inc. on behalf of Selkirk Cogen Partners II L.P. &amp; ATCOR Ltd., Makowski Selkirk Inc. on behalf of Selkirk Cogen Partners II L.P &amp; Esso Resources Canada, Makowski Selkirk Inc. on behalf of Selkirk Cogen Partners II L.P. &amp; PanCanadian Petroleum Limited, New York State Electric &amp; Gas Corporation, Petro-Canada, TransCanada PipeLines Limited ... Esso Resources Canada Limited/Esso Resources Canada/ Transco Energy Marketing Company/CanStates Gas Marketing, Volume II, gas exports : </marc:subfield>
      <marc:subfield code="w">(CaOODSP)9.572380</marc:subfield>
    </marc:datafield>
    <marc:datafield tag="776" ind1="0" ind2="#">
      <marc:subfield code="t">Demande en vue du transfert d'une licence d'exportation de gaz naturel, déposée aux termes de la partie I de la Loi sur l'Office national de l'énergie </marc:subfield>
      <marc:subfield code="w">(CaOODSP)9.620729</marc:subfield>
    </marc:datafield>
    <marc:datafield tag="830" ind1="#" ind2="0">
      <marc:subfield code="a">Motifs de décision (Canada. Office national de l'énergie)</marc:subfield>
      <marc:subfield code="v">GH-1-92 [vol. 2]</marc:subfield>
      <marc:subfield code="w">(CaOODSP)9.500899</marc:subfield>
    </marc:datafield>
    <marc:datafield tag="856" ind1="4" ind2="0">
      <marc:subfield code="a">http://publications.gc.ca</marc:subfield>
      <marc:subfield code="q">PDF</marc:subfield>
      <marc:subfield code="s">204 Ko</marc:subfield>
      <marc:subfield code="u">https://publications.gc.ca/collections/Collection/NE22-1-1992-7-2F.pdf</marc:subfield>
      <marc:subfield code="y">GH-1-92 [vol. 2]</marc:subfield>
    </marc:datafield>
  </marc:record>
</marc:collection>
